000 00940nas a2200289 4500
001 BR0305483
003 BR-BrBNA
005 20231205104144.0
007 ta
008 230509b bl.|||p| |||| 00| 00por d
040 _aBR-BrBNA
_bpor
_cBiblioteca Nacional de Agricultura
041 _a(Pt)
072 _aF61; F02
100 1 _aGomide, C.A. de M.
100 1 _aGomide, J.A.
100 1 _aHuaman, C.A.M. y
100 1 _aPaciullo, D.S.C.
245 1 _aFotossíntese, reservas orgânicas e rebrota do capim-mombaça (Panicum maximum Jacq.)sob diferentes intensidades de desfolha do perfilho principal
650 _aCAPIM COLONIÃO
650 _aDESFOLHA
650 _aFOTOSSÍNTESE
650 _aREBROTA
650 _aPERFILHAÇÃO
773 0 _tRevista Brasileira de Zootecnia (Brazil)
_xISSN 1516-3598
_g(Nov-Dec 2002), v. 31(6) p. 2165-2175
_wBR0305483
909 _a202311
_bLúcia
_c55
_dLúcia Elande
942 _2AGRIS
_n0
_cANA
999 _c176658
_d176658